PC Komponenten - Statistiken

Allgemein
  • Dieses Quiz wurde 342 mal gespielt
  • Das Durchschnittsergebnis liegt bei 6 aus 7
Antwortstatistiken
Antworten % Korrekt
Grafikkarte
96%
Prozessor
94%
Arbeitsspeicher
89%
Mainboard
88%
Festplatte
81%
Netzteil
75%
Kühler
73%
Keine übereinstimmenden Quizze gefunden
Verteilung der Resultate
Anzahl Personen mit jedem Resultat
Perzentil nach korrekt beantworteten Fragen
Ihre Resultats-Entwicklung
Sie haben dieses Quiz noch nicht gespielt